000 01320nam a2200265Ia 4500
999 _c52853
_d52853
001 19883
003 GE_BSU
005 20200424155038.0
008 181216s1954||||ge |||||||||||||| ||geo||
040 _cGE_BSU
041 _ageo
080 _a811.353.1'282 ძ-63
100 _aძიძიგური, შოთა
_97975
245 _aძიებანი ქართული დიალექტოლოგიიდან /
_cშოთა ძიძიგური ; რედ. ს. ჟღენტი.
264 _aთბილისი :
_bთბილ. სახ. უნ-ტის გამ-ბის სტ.,
_c1954.
300 _a272 გვ. ;
_c23 სმ.
504 _aბიბლიოგრ. : "ქართული დიალექტოლოგიის ბიბლიოგრაფია" გვ. 259-71.
541 _h3ლ.
653 _aქართული ენა
653 _aქართული ენის დიალექტები
653 _aძიებანი ქართული დიალექტოლოგიიდან
700 _a ჟღენტი, ს.
_dრედაქტორი
_97976
710 _aსაქართველოს სსრ განათლების სამინისტრო
_97977
942 _cBK
_2udc